History of Ancient India: (Record no. 194044)

MARC details
000 -LEADER
fixed length control field 00940nam a22002057a 4500
005 - DATE AND TIME OF LATEST TRANSACTION
control field 20230328124137.0
010 ## - LCCN (DPL NO)
LC control number B-746896-907 E.N.A./7.11.22
020 ## - INTERNATIONAL STANDARD BOOK NUMBER
International Standard Book Number 9788183822473
Terms of availability 695.00
035 ## - SYSTEM CONTROL NUMBER
System control number B-746896-907
037 ## - SOURCE OF ACQUISITION
Source of stock number/acquisition Lotus Press Publishers & Distributors
082 ## - DEWEY DECIMAL CLASSIFICATION NUMBER
Classification number 954.01
100 ## - MAIN ENTRY--PERSONAL NAME
Personal name Mehta, L.J.
245 ## - TITLE STATEMENT
Title History of Ancient India:
Remainder of title From the earliest times to 1206 A.D./
Statement of responsibility, etc J.L. Mehta and Sarita Mehta
260 ## - PUBLICATION, DISTRIBUTION, ETC. (IMPRINT)
Place of publication, distribution, etc New Delhi
Name of publisher, distributor, etc Lotus Press Publishers & Distributors
270 ## - ADDRESS
Address 4735/22, Prakash Deep Building Ansari Road, Daryaganj,
City New Delhi
Postal code 110002
Telephone number 41325510
300 ## - PHYSICAL DESCRIPTION
Extent 815p.
Dimensions 22cm(pbk)
700 ## - ADDED ENTRY--PERSONAL NAME
Personal name Mehta, Sarita
942 ## - ADDED ENTRY ELEMENTS (KOHA)
Source of classification or shelving scheme Dewey Decimal Classification
Item type English Books
Call number suffix MEH
Classification part 954.01
Holdings
Withdrawn status Lost status Not for loan Collection code Home library Current library Date acquired Source of acquisition Cost, normal purchase price Full call number Barcode Copy number Cost, replacement price Koha item type
      Non-fiction Ashok Vihar Ashok Vihar 28/03/2023 Lotus Press/284/30.11.22/177/23.11.22/2.12.22 695.00 954.01 MEH B-746899 1 695.00 English Books
      Non-fiction Bawana Bawana 28/03/2023 Lotus Press/284/30.11.22/177/23.11.22/2.12.22 695.00 954.01 MEH B-746905 1 695.00 English Books
      Non-fiction Central Library Central Library 28/03/2023 Lotus Press/284/30.11.22/177/23.11.22/2.12.22 695.00 954.01 MEH B-746896 1 695.00 English Books
      Non-fiction Janak Puri Janak Puri 28/03/2023 Lotus Press/284/30.11.22/177/23.11.22/2.12.22 695.00 954.01 MEH B-746902 1 695.00 English Books
      Non-fiction Kasturba Gandhi Marg Kasturba Gandhi Marg 28/03/2023 Lotus Press/284/30.11.22/177/23.11.22/2.12.22 695.00 954.01 MEH B-746901 1 695.00 English Books
      Non-fiction Mobile Library Mobile Library 28/03/2023 Lotus Press/284/30.11.22/177/23.11.22/2.12.22 695.00 954.01 MEH B-746897 2 695.00 English Books
      Non-fiction Mobile Library Mobile Library 28/03/2023 Lotus Press/284/30.11.22/177/23.11.22/2.12.22 695.00 954.01 MEH B-746898 2 695.00 English Books
      Non-fiction Narela Narela 28/03/2023 Lotus Press/284/30.11.22/177/23.11.22/2.12.22 695.00 954.01 MEH B-746904 1 695.00 English Books
      Non-fiction Patel Nagar Patel Nagar 28/03/2023 Lotus Press/284/30.11.22/177/23.11.22/2.12.22 695.00 954.01 MEH B-746900 1 695.00 English Books
      Non-fiction Sarojini Nagar Sarojini Nagar 28/03/2023 Lotus Press/284/30.11.22/177/23.11.22/2.12.22 695.00 954.01 MEH B-746903 1 695.00 English Books
      Non-fiction Shahdara Branch Shahdara Branch 28/03/2023 Lotus Press/284/30.11.22/177/23.11.22/2.12.22 695.00 954.01 MEH B-746906 1 695.00 English Books
      Non-fiction Yojana Vihar Yojana Vihar 28/03/2023 Lotus Press/284/30.11.22/177/23.11.22/2.12.22 695.00 954.01 MEH B-746907 1 695.00 English Books

© Delhi Public Library
Hit Counter
free hit counter